000 00222nam a2200109Ia 4500
003 GCL
008 140319s9999 xx 000 0 ara d
040 _aGCL /
_cGCL
082 0 4 _a%
245 1 0 _aI الجمعة
300 _aXy
999 _c59193
_d59193